000 01326cam a2200241 4500
001 7556
005 20181127183851.0
008 040816s2005 ctua 001 0 eng
010 _a 2004019362
020 _a1561586838
082 0 0 _a684/.08
_222
100 1 _aRae, Andy.
245 1 0 _aTaunton's complete illustrated guide to working with wood /
_cAndy Rae.
246 3 0 _aWorking with wood
260 _aNewtown, CT :
_bTaunton Press,
_c2005.
300 _a279 p. :
_bcol. ill. ;
_c28 cm.
505 _aThe properties of wood -- Identifying wood -- Cutting your own wood -- Drying lumber -- Buying lumber -- Storing lumber -- Dealing with wood movement -- Choosing joints -- Selecting your material -- Dimensioning wood -- Working difficult wood -- Bending wood -- Smoothing and preparing wood -- Gluing and clamping wood -- Finishing wood.
_g
_r
_t
520 _aUnderstanding wood -- Indentifying wood -- Cutting your own wood -- Drying lumber -- Buying lumber -- Storing lumber -- Dealing with wood movement -- Choosing joints -- Selecting your material -- Dimensioning wood -- Working with difficult wood -- Bending wood -- Smoothing and preparing wood -- Gluing and clamping wood -- Finishing wood
650 0 _aWood.
650 0 _aWoodwork.
710 2 _aTaunton Press.
999 _c6466
_d6466